| 000 | 01089nam a2200253Ia 4500 | ||
|---|---|---|---|
| 003 | OSt | ||
| 005 | 20220923211739.0 | ||
| 006 | a|||||r|||| 00| 0 | ||
| 007 | ta | ||
| 008 | 220922b |||||||| |||| 00| 0 hin d | ||
| 024 | _a45,296 | ||
| 037 | _cTextual | ||
| 040 |
_aARTS _cARTS _bhin |
||
| 041 |
_2hin _ahin |
||
| 082 | _aO15:gx1,1:g, 152M8 | ||
| 100 |
_aकेतकर, गोदावरी वासुदेव; दवे, जशवंती, अनु. _9161422 |
||
| 245 | 0 |
_aनाटयशास्त्र _b भरतमुनि के नाटयसिद्धान्तो का विवेचन |
|
| 246 | _aNāṭayashāstra: bharatamuni ke nāṭayasiddhānto kā vivechana | ||
| 260 |
_aदिल्ली _b परिमल पब्लिकेशन्स _c1998 |
||
| 300 |
_a376पृ. _ccm. |
||
| 650 | _aसंस्कृत साहित्य | ||
| 942 |
_hO15:gx1,1:g, 152M8 _cTEXL _2CC |
||
| 999 |
_c303131 _d303131 |
||